1 animal, 1 métier - Statistiques

Statistiques générales
  • Ce quiz a été pris 87 fois
  • Le résultat moyen est 8 sur 10
Statistiques - réponses
Par images Réponse % Correct
Plongeur
97%
Patineur
96%
Livreur
88%
Boxeur
86%
Cuisinier
86%
Guitariste
86%
Violoniste
86%
Pilote
83%
Photographe
69%
Spationaute
23%
Aucun quiz correspondant
Distribution des résultats
% des personnes avec chaque résultat
Percentile par nombre de réponses
Votre historique - résultats
Vous n’avez pas pris ce quiz